00541caa a22001932a 4500001000900000003001100009008004700020092001500067100001900082245010000101245005000201300001200251440000600263440000600269260001400275650003400289942000900323999001500332 001351 AR-FADEU 311216n############xxu####################dd aPP(320)REV aGaltung, Johan bSistemas feudales, violencia estructural y teoría estructural de las revoluciones. IIº parte aRevista latinoamericana de ciencia política a181-201 v1 n2 cago. 1970 aREVOLUCION-TEORIA ESTRUCTURAL cPPGR c4129d4129